00974cam a22002894a 450000100090000000300050000900500170001400800410003101000170007202000150008904000190010404200080012305000250013108200220015610000230017824500710020125000120027226000520028430000580033644000390039450400510043353800510048465000250053565000430056065000530060385600280065612792167NUST20170622132951.0020529s2003 njua b 001 0 eng  a 2002074816 a0130891614 aDLCcRCMSdDLC apcc00aTK7868.D5b.C48 200300a621.39/5 CIL2211 aMichael D. Ciletti10aAdvanced digital design with the Verilog HDL /cMichael D. Ciletti a1st ed. aUpper Saddle River, NJ :bPrentice Hall,c2003. axxi, 982 p. :bill. ;c24 cm.e+ 1 CD-ROM (4 3/4 in.) 0aPrentice Hall Xilinx design series aIncludes bibliographical references and index. iShelf # 09, Row # 2, History & Digital Design. 0aDigital electronics. 0aLogic circuitsxComputer-aided design. 0aVerilog (Computer hardware description language) 3Table of Contents Only.